LEADER 01016nam a2200193 i 4500 001 000000235348 003 CaOOAMICUS 005 20141105000000.0 008 141105s1757 xx u000 u lat u 013 $a214251 026 $aU.US 01am aco- "S"c (3) 1757 (R) 040 $aSeMil$bita 245 10$aTomus secundus, pars prima, in qua de ss. Trinitate libri priores quinque. 300 $axij, 271 [1] p. 500 $aSegn : [a]4 b2 A-2L4. 773 0 $aPetau, Denys $tDionysii Petavii Aurelianensis ... Opus de theologicis dogmatibus, nunc primum septem voluminibus comprehensum, in meliorem ordinem redactum, ... Francisci Antonii Zachariae ... dissertationibus, ac notis uberrimis illustratum. Tomus 1. [-6.].$dVenetiis : Ex Typographia Remondiniana, 1757.$g2$w()27629 850 $aSeMil 852 $aSeMil$W1$xVenegono$y1$m2D VIII 2 FA$j185694$B185694$CSeMilBibl$Z2$F196599 $8I 996 $6245$aTomus secundus, pars prima, in qua de ss. Trinitate libri priores quinque$9(OLS)http://semarc/title/335593 LEADER 01250nam a2200313 i 4500 001 000000124150 003 CaOOAMICUS 005 20040315000000.0 008 040315s1989 it u000 u ita u 013 $a96847 020 $a88-18-91021-3 040 $aSeMil$bita 100 1 $aGogh, Vincent : van <1853-1890>.$0(OLS)http://semarc/name/18711 240 10$aVan Gogh.$0(OLS)http://semarc/title/45004 245 10$aVan Gogh /$cMelissa McQuillan. 260 $aMilano :$bRusconi Arte,$c1989. 300 $a214 p. :$briccamente ill. ;$c21 cm. 490 0 $aRusconi Arte 500 $aContiene : Bibliografia essenziale. - Dalla Biblioteca del Card. Giovanni Colombo. 600 14$aVan Gogh, Vincent <1853-1890>.$0(OLS)http://semarc/subject/5316 700 1 $aMcQuillan, Melissa.$0(OLS)http://semarc/name/51567 830 0$aRusconi Arte.$0(OLS)http://semarc/title/14775 850 $aSeMil 852 $aSeMil$W1$xVenegono$y1$m5Q I 75$j78766$B78766$CSeMilBibl$Z2$F80962 $81 941 1 $a3 961 $aOmaggio: Colombo Card. Giovanni 996 $6020$a88-18-91021-3$9(OLS)http://semarc/number/109865 996 $6245$aVan Gogh$9(OLS)http://semarc/title/143066 996 $6260$aMilano :$bRusconi Arte$9(OLS)http://semarc/publisher/46316